Kabale University Library Catalogue

Participation in America : (Record no. 6117)

MARC details
000 -LEADER
fixed length control field 00660pam a2200205 a 4500
003 - CONTROL NUMBER IDENTIFIER
control field OSt
005 - DATE AND TIME OF LATEST TRANSACTION
control field 20260206134651.0
008 - FIXED-LENGTH DATA ELEMENTS--GENERAL INFORMATION
fixed length control field 870413t19871972ilua 001 0 eng
020 ## - INTERNATIONAL STANDARD BOOK NUMBER
International Standard Book Number 060468246
040 ## - CATALOGING SOURCE
Original cataloging agency KABLIB
Transcribing agency KABLIB
Language of cataloging eng
Description conventions rda
082 00 - DEWEY DECIMAL CLASSIFICATION NUMBER
Classification number 323.042
Edition number 23
Item number VER
100 1# - MAIN ENTRY--PERSONAL NAME
Personal name Verba, Sidney.
9 (RLIN) 15548
245 10 - TITLE STATEMENT
Title Participation in America :
Remainder of title political democracy and social equality /
Statement of responsibility, etc. Sidney Verba, Norman H. Nie.
260 ## - PUBLICATION, DISTRIBUTION, ETC.
Place of publication, distribution, etc. Chicago :
Name of publisher, distributor, etc. University of Chicago Press,
Date of publication, distribution, etc. c1972.
300 ## - PHYSICAL DESCRIPTION
Extent xxiii, 428 p. :
Other physical details ill. ;
Dimensions 23 cm.
504 ## - BIBLIOGRAPHY, ETC. NOTE
Bibliography, etc. note Includes index.
650 #0 - SUBJECT ADDED ENTRY--TOPICAL TERM
Topical term or geographic name entry element Political participation
9 (RLIN) 10148
700 1# - ADDED ENTRY--PERSONAL NAME
Personal name Nie, Norman H.
9 (RLIN) 15549
942 ## - ADDED ENTRY ELEMENTS (KOHA)
Source of classification or shelving scheme Dewey Decimal Classification
Koha item type Book
Holdings
Withdrawn status Lost status Source of classification or shelving scheme Damaged status Not for loan Home library Current library Shelving location Date acquired Source of acquisition Total Checkouts Full call number Barcode Date last seen Price effective from Koha item type
    Dewey Decimal Classification     Mukombe Library Mukombe Library Open Access Section 06.02.2026 Donation   323.042 VER 14579 06.02.2026 06.02.2026 Book

Kabale University Library | Kabale University P.O Box 317, Kabale, Uganda
Tel : +256754017033, +256774661503 E-mail : library@kab.ac.ug